000 00309nam a2200121Ia 4500
005 20251222155204.0
008 251222s9999||||xx |||||||||||||| ||spa||
082 _aMEQ. 19
100 _aTORRES Felipe. (*).
245 0 _aSupervivencia
264 _bNo tiene
942 _cLIB
999 _c40044
_d40044